000 00800cam a22002777a 4500
003 CHAP
005 20220329135843.0
008 971013s1974 r 00010 d
010 _a43323
011 _a44295
035 _a48433
040 _cCHAP
082 _a332.414
_bF7Y
100 0 0 _aFriedman, Irving S.
_943295
245 1 3 _aLa inflación
_b: desastre mundial
260 _aMéxico, D.F. :
_bDiana,
_c1974
300 _a247 p.
590 _aBATCH-UPD
_b10
_c20130110
_lUCH01
_h1802
590 _aBATCH-UPD
_b10
_c20130410
_lUCH01
_h1138
590 _aBATCH-UPD
_b10
_c20130914
_lUCH01
_h1550
590 _aCONVERSION
_b10
_c20130109
_lUCH01
_h1324
650 1 4 _aInflación.
_958064
901 _aBK
942 _cLIBRO
949 _a332.414 F7Y
_bBC
_cLIBRO
_d33724000345575
_eLIBRO
_h44084
_i48433
_si
999 _c43323
_d43323